000 00461nam a2200181Ia 4500
001 1373
005 20260306143723.0
008 260306t2013||||xx |||||||||||||| ||spa||
041 _aESP
082 _a196.1
_bP86
100 _aPrieto López, Leopoldo
_eAUT
245 0 _aSuárez y el destino de la metafísica:
_bde Avicena a Heidegger
260 _c2013
300 _a356 páginas :
_c21 cm.
650 _aGEN
654 _aCHU
942 _cLIB
_dJUS
_fJUS
_2ddc
_n
999 _c1373
_d1373